000 00282nam a22001337a 4500
008 180927b xxu||||| |||| 00| 0 eng d
020 _a9780812043891
041 _aeng
080 _a510
100 _a37
101 _aMAT
245 _aTrigonometry
_cDowning, D
942 _2udc
_cBK
999 _c48609
_d48609